Development of a direct in situ PCR method for detection of specific bacteria in natural environments /

সংরক্ষণ করুন:
গ্রন্থ-পঞ্জীর বিবরন
প্রধান লেখক: Tani, Katsuji.
অন্যান্য লেখক: Kurokawa, Ken., Nasu, Masao.
বিন্যাস: প্রবন্ধ
ভাষা:English
বিষয়গুলি:
ট্যাগগুলো: ট্যাগ যুক্ত করুন
কোনো ট্যাগ নেই, প্রথমজন হিসাবে ট্যাগ করুন!
Thư viện lưu trữ: Thư viện Trường Đại học Đà Lạt
LEADER 01000nam a2200325 4500
001 DLU090091430
005 ##20091201
040 # # |a DLU  |b eng 
041 # # |a eng 
044 # # |a us 
100 # # |a Tani, Katsuji. 
245 # # |a Development of a direct in situ PCR method for detection of specific bacteria in natural environments /  |c Katsuji Tani, Ken Kurokawa, Masao Nasu. 
653 # # |a Bacteria  
653 # # |a Detection 
653 # # |a Fluorescent labelling 
653 # # |a Polymerase chain reaction 
653 # # |a Ribosomal DNA  
653 # # |a River water 
700 # # |a Kurokawa, Ken. 
700 # # |a Nasu, Masao. 
773 # # |t Applied and Environmental Microbiology  |g Vol. 64, no. 4 (April 1998), p. 1536-1540 
920 # # |a Phòng Tạp chí -- Trung tâm Thông tin - Thư viện Trường Đại học Đà Lạt 
994 # # |a DLU 
900 # # |a True 
911 # # |a Trương Bảo Trâm Anh 
925 # # |a G 
926 # # |a A 
927 # # |a BB 
980 # # |a Thư viện Trường Đại học Đà Lạt